000 00340nam a2200133Ia 4500
008 220216s9999 xx 000 0 und d
100 _aReeny Joseph
245 0 _aRole of UPASI in rubber plantation development
260 _bPlanters Chronicle
_c2002
300 _a494-495
650 _aRubber plantation
650 _aUPASI
942 _cJS
999 _c67224
_d67224